Municipalities of North Macedonia Quiz - Statistics

General Stats
  • This quiz has been taken 3 times
  • The average score is 32 of 71
Answer Stats
Region Municipality % Correct
Skopje Statistical Region Aerodrom
100%
Skopje Statistical Region Aračinovo
100%
Skopje Statistical Region Centar
100%
Skopje Statistical Region Gazi Baba
100%
Skopje Statistical Region Gjorče Petrov
100%
Skopje Statistical Region Ilinden
100%
Skopje Statistical Region Karpoš
100%
Skopje Statistical Region Kisela Voda
100%
Skopje Statistical Region Petrovec
100%
Pelagonia Statistical Region Bitola
67%
Polog Statistical Region Brvenica
67%
Skopje Statistical Region Butel
67%
Skopje Statistical Region Čair
67%
Pelagonia Statistical Region Dolneni
67%
Northeastern Statistical Region Kumanovo
67%
Northeastern Statistical Region Lipkovo
67%
Pelagonia Statistical Region Prilep
67%
Skopje Statistical Region Saraj
67%
Skopje Statistical Region Sopište
67%
Skopje Statistical Region Studeničani
67%
Skopje Statistical Region Šuto Orizari
67%
Skopje Statistical Region Zelenikovo
67%
Eastern Statistical Region Berovo
33%
Southeastern Statistical Region Bogdanci
33%
Polog Statistical Region Bogovinje
33%
Southeastern Statistical Region Bosilovo
33%
Vardar Statistical Region Čaška
33%
Eastern Statistical Region Češinovo-Obleševo
33%
Skopje Statistical Region Čučer-Sandevo
33%
Eastern Statistical Region Delčevo
33%
Southeastern Statistical Region Dojran
33%
Polog Statistical Region Gostivar
33%
Vardar Statistical Region Gradsko
33%
Polog Statistical Region Jegunovce
33%
Eastern Statistical Region Karbinci
33%
Vardar Statistical Region Kavadarci
33%
Eastern Statistical Region Kočani
33%
Southeastern Statistical Region Konče
33%
Northeastern Statistical Region Kratovo
33%
Northeastern Statistical Region Kriva Palanka
33%
Pelagonia Statistical Region Krivogaštani
33%
Pelagonia Statistical Region Kruševo
33%
Vardar Statistical Region Lozovo
33%
Eastern Statistical Region Makedonska Kamenica
33%
Pelagonia Statistical Region Mogila
33%
Vardar Statistical Region Negotino
33%
Pelagonia Statistical Region Novaci
33%
Southeastern Statistical Region Novo Selo
33%
Eastern Statistical Region Pehčevo
33%
Eastern Statistical Region Probištip
33%
Northeastern Statistical Region Rankovce
33%
Pelagonia Statistical Region Resen
33%
Vardar Statistical Region Rosoman
33%
Eastern Statistical Region Štip
33%
Southeastern Statistical Region Strumica
33%
Vardar Statistical Region Sveti Nikole
33%
Polog Statistical Region Tearce
33%
Polog Statistical Region Tetovo
33%
Southeastern Statistical Region Valandovo
33%
Southeastern Statistical Region Vasilevo
33%
Vardar Statistical Region Veles
33%
Eastern Statistical Region Vinica
33%
Polog Statistical Region Vrapčište
33%
Polog Statistical Region Želino
33%
Eastern Statistical Region Zrnovci
33%
Pelagonia Statistical Region Demir Hisar
0%
Vardar Statistical Region Demir Kapija
0%
Southeastern Statistical Region Gevgelija
0%
Polog Statistical Region Mavrovo And Rostuša
0%
Southeastern Statistical Region Radoviš
0%
Northeastern Statistical Region Staro Nagoričane
0%
No matching quizzes found
Score Distribution
Percent of People with Each Score
Percentile by Number Answered
Your Score History
You have not taken this quiz